000 01160nam a2200325 i 4500
001 bg
100 1 _aJohnson, Michael K.
245 1 0 _aOprogramowanie użytkowe w systemie Linux /
_cMichael K. Johnson, Erik W. Troan ; z ang. przeł. Agata Janowska, Paweł Janowski.
246 _iTyt. oryg.:
_aLinux application development
260 _aWarszawa :
_bWydawnictwa Naukowo-Techniczne,
_c2000.
300 _aXXI, [3], 551, [1] s. ;
_c25 cm.
500 _aTyt. oryg.: "Linux application development" 1998. - Dodatki częśc. ang.
504 _aBibliogr. - Indeks.
650 9 _aLinux
655 _aPodręczniki akademickie
700 1 _aTROAN, Erik W.
700 1 _aJANOWSKA, Agata.
_eTł.
700 1 _aJANOWSKI, Paweł.
_eTł.
015 _aPB 22892/2000
020 _a8320425522
040 _cBPK
041 1 _apol
_geng
_heng
080 _a004.451
080 _a(075.8)
920 _a83-204-2552-2
942 _cKS
008 010119s2000 pl f |000 0 pol
999 _c41475
_d41475
856 _uhttp://koha.tu.koszalin.pl/cgi-bin/koha/opac-detail.pl?biblionumber=41475
_yKatalog online BPK